[Event "Buenos Aires"]
[Site "Buenos Aires"]
[Date "1980.??.??"]
[Round "?"]
[White "Larsen, Bent"]
[Black "Karpov, Anatoly"]
[Result "1/2-1/2"]
[WhiteElo "2590"]
[BlackElo "2725"]
[Annotator "Chekhov,V"]
[PlyCount "47"]
[EventDate "1980.10.15"]
[EventType "tourn"]
[EventRounds "13"]
[EventCountry "ARG"]
[EventCategory "13"]
[SourceTitle "MCL"]
[Source "ChessBase"]
[SourceDate "1999.07.01"]
[SourceVersion "1"]
[SourceVersionDate "1999.07.01"]
[SourceQuality "1"]

1. c4 c5 2. g3 g6 3. Bg2 Bg7 4. Nf3 Nc6 5. O-O e6 6. Nc3 Nge7 7. d3 O-O 8. a3 (
8. Bf4) 8... d5 9. Bg5 $5 (9. cxd5 Nxd5 $6 (9... exd5 $10) 10. Bg5 $14) 9... h6
(9... d4 10. Ne4 f6 11. Bc1 (11. Bd2 b6 12. b4 f5) 11... b6 12. b4 f5 13. Ned2
Qd6 $13) 10. cxd5 exd5 (10... hxg5 11. dxc6 Nxc6 12. h3 $14) 11. Bxe7 Nxe7 12.
d4 cxd4 (12... c4 $6 13. Ne5 $1 {Pf4/}) 13. Nxd4 Nc6 14. Nxc6 (14. e3 Nxd4 15.
exd4 Qb6 16. Nxd5 Qxd4 $10) 14... bxc6 15. Rc1 Ba6 16. Re1 Rb8 17. b4 Bc4 18.
e4 a5 $1 $10 19. exd5 axb4 20. axb4 cxd5 21. Nxd5 Bxd5 22. Qxd5 Rxb4 23. Qxd8
Rxd8 24. Re2 1/2-1/2

[Event "Buenos Aires"]
[Site "Buenos Aires"]
[Date "1980.??.??"]
[Round "?"]
[White "Larsen, Bent"]
[Black "Browne, Walter Shawn"]
[Result "1-0"]
[WhiteElo "2590"]
[BlackElo "2540"]
[Annotator "Chekhov,V"]
[PlyCount "97"]
[EventDate "1980.10.15"]
[EventType "tourn"]
[EventRounds "13"]
[EventCountry "ARG"]
[EventCategory "13"]
[SourceTitle "MCL"]
[Source "ChessBase"]
[SourceDate "1999.07.01"]
[SourceVersion "1"]
[SourceVersionDate "1999.07.01"]
[SourceQuality "1"]

1. c4 c5 2. g3 g6 3. Bg2 Bg7 4. Nf3 Nc6 5. Nc3 e6 6. O-O Nge7 7. d3 O-O 8. Bf4
d5 (8... e5 9. Bg5 h6 10. Bxe7 Nxe7 11. Nd2 d6 12. Rb1 Nc6 13. a3 a5 14. Nd5
Be6 15. Ne4 f5 16. Nec3 $14 {Andriessen-Timman,J/NED/1971/}) 9. cxd5 Nxd5 (9...
exd5 10. Qc1 b6 11. Bh6 $13) 10. Nxd5 exd5 11. Qd2 Bg4 $2 (11... Re8 $5) 12. h3
Bxf3 13. Bxf3 Re8 14. Bg2 Qd7 15. Rab1 Re6 16. Rfe1 b6 17. h4 $14 h5 $6 (17...
Rae8 $5) 18. Bh3 f5 19. Qd1 Rae8 20. a3 (20. e4 $6 dxe4 21. dxe4 Qc8 22. Qb3
Kh7) 20... Nd4 21. e3 R6e7 22. Bg5 Re5 23. b4 $16 Kh7 24. bxc5 bxc5 25. Bg2 Ne6
26. Qc1 (26. f4 $2 Rxe3 $1 27. Rxe3 Bd4) 26... Nxg5 27. hxg5 Rc8 28. Re2 Qd6
29. Rc2 Re7 30. a4 $5 Rec7 31. a5 Qe6 32. Qd1 d4 $2 (32... Qd6 33. Qf3 Rd8) 33.
e4 c4 34. Rb5 $1 Rc5 (34... cxd3 35. Rxc7 Rxc7 36. Qxd3) 35. Rxc5 Rxc5 36. Bh3
Qe7 (36... Rxa5 37. Rxc4) (36... c3 37. exf5 gxf5 38. Qxh5+) 37. exf5 Qxg5 38.
fxg6+ Kxg6 (38... Kh6 $5) (38... Qxg6 39. Rxc4 Rxc4 (39... Rxa5 40. Bg2 $40)
40. dxc4 {/\Qf3/}) 39. dxc4 (39. Rxc4 Rxc4 40. dxc4 Qxa5) 39... Rxa5 40. Re2
Ra6 41. Qd3+ Kh6 42. c5 Rg6 (42... Rc6 43. Bg2 Rxc5 44. Re6+ Bf6 45. Qxd4 Rf5
46. Be4 Re5 47. Qd7) (42... Ra1+ 43. Bf1) 43. Bf5 Rf6 44. Re5 h4 45. g4 Rf8 46.
Rd5 Qf4 47. Rd7 $1 Qc1+ 48. Kg2 Rf6 (48... Qxc5 49. Qd2#) 49. Qh3 (49. Qh3 Qg5
50. f4 $18) 1-0

[Event "GMA Baleares op"]
[Site "Palma de Mallorca"]
[Date "1989.??.??"]
[Round "5"]
[White "Miles, Anthony John"]
[Black "Kosten, Anthony C"]
[Result "1-0"]
[WhiteElo "2580"]
[BlackElo "2500"]
[Annotator "ChessBase"]
[PlyCount "57"]
[EventDate "1989.12.??"]
[EventType "swiss"]
[EventRounds "9"]
[EventCountry "ESP"]
[SourceTitle "TD"]
[Source "ChessBase"]
[SourceDate "1994.03.01"]
[SourceVersion "1"]
[SourceVersionDate "1994.03.01"]
[SourceQuality "1"]

1. g3 c5 2. Bg2 Nc6 3. c4 g6 4. Nc3 Bg7 5. Nf3 e6 6. d4 cxd4 7. Nb5 d5 8. cxd5
Qa5+ 9. Qd2 Qxb5 10. dxc6 Qxc6 11. O-O Qb6 12. b3 $1 Ne7 (12... d3 13. Bb2) 13.
Ba3 Nd5 (13... d3 14. Rac1 dxe2 15. Qxe2 Bf6 16. Ne5) 14. Rac1 Nc3 15. e3 dxe3
16. fxe3 Qa6 (16... Nd5 17. Bc5) 17. Bb2 Ne4 18. Qc2 Nf6 (18... Bxb2 19. Qxb2
O-O 20. Ne5) 19. Ng5 e5 20. Qc5 Be6 21. Rxf6 $1 Bxf6 22. Bf1 Rc8 (22... Qb6 23.
Bb5+ Bd7 24. Bxd7+ Kxd7 25. Qd5+) 23. Bb5+ Rc6 24. Ne4 Be7 (24... Bg7 25. Bxe5)
25. Qxe5 f6 26. Rxc6 fxe5 27. Rxa6+ Kf7 28. Rxa7 Bd5 29. Bc4 1-0

[Event "Vejstrup"]
[Site "Vejstrup"]
[Date "1989.??.??"]
[Round "?"]
[White "Hansen, Curt"]
[Black "Polgar, Judit"]
[Result "1/2-1/2"]
[WhiteElo "2550"]
[BlackElo "2555"]
[Annotator "ChessBase"]
[PlyCount "100"]
[EventDate "1989.09.??"]
[EventType "tourn"]
[EventRounds "9"]
[EventCountry "DEN"]
[EventCategory "10"]
[SourceTitle "CBM 015"]
[Source "ChessBase"]
[SourceDate "1990.04.01"]
[SourceVersion "1"]
[SourceVersionDate "1990.04.01"]
[SourceQuality "1"]

1. c4 {Notes by Judit Polgar} e5 2. Nc3 c5 3. g3 Nc6 4. Bg2 g6 5. a3 (5. Nf3
Bg7 6. d3 Nge7 7. Nd2 (7. Bg5 O-O 8. O-O h6 9. Bxe7 Nxe7 10. Nd2 d6 11. Rb1 Rb8
12. a3 Be6 13. Qa4 a6 14. Rfc1 {Lobron,E-Polgar,J/TV-match/Cologne/1989/}) 7...
d6 8. Nf1 Be6 9. Ne3 O-O 10. O-O Rb8 11. Rb1 a6 12. Ned5 b5 13. b3 Qd7 {
Hansen,LB-Schussler,H/Vejstrup/1989/ played in the same round and black was
fine}) 5... a5 6. Nf3 Bg7 7. d3 Nge7 8. Nd2 (8. O-O d6 9. Rb1 Rb8 10. Nd5 O-O
11. Bg5 f6 12. Bd2 Be6 13. Ne1 b5 14. Nc2 f5 15. b3 $13 {Gelfand,B-Polgar,Zsu/
New York op/1989/ -> CBM 12}) 8... d6 9. Nf1 {A popular manouver nowdays} Be6
10. Ne3 O-O 11. Ned5 $14 Rb8 12. O-O h6 (12... f5 13. Bg5 h6 $2 14. Bxe7 Nxe7
15. Nxe7+ Qxe7 16. Bd5 $16) 13. Rb1 Kh7 14. Bd2 f5 15. b4 axb4 16. axb4 cxb4
17. Nxb4 f4 $5 (17... Nxb4 18. Rxb4 d5 19. cxd5 Nxd5 20. Rb5 Nxc3 21. Bxc3 Qc7
22. Qa1 $16) 18. Ncd5 $6 {>= 18.Nbd5} Nd4 19. Bc3 $6 (19. Nxe7 Qxe7 20. Nc2 $14
) 19... Nef5 $1 $10 20. Nc2 Nxc2 21. Qxc2 h5 $1 22. e4 $2 {Anything else would
have been better} Nh4 $5 {22...Nh6+/=} 23. f3 $8 (23. gxh4 f3 $19) 23... Nxg2
24. Qxg2 (24. Kxg2 Qc8 {/\ ...Bh3, ...g5}) 24... Qc8 $1 $17 25. gxf4 Bxd5 $1 (
25... Bh3 $2 26. Qg5 Bxf1 27. f5 $44) 26. exd5 Rxf4 {/\ ...b5} 27. Rb5 Ra8 $2 (
27... Qf5 $1 28. Qe2 $6 e4 $1 29. Bxg7 exf3 30. Qe7 Qg4+ 31. Kf2 Qg2+ 32. Ke1
Rf7 $1 $19) 28. Bb4 Ra6 29. Kh1 Qa8 30. Rg1 Rf6 31. f4 {White had only 5
minutes for 9 moves left.} Ra2 32. Qg5 Ra1 $2 (32... Qc8 $1 33. fxe5 (33. f5
Qxf5 34. Qxf5 Rxf5 35. Bxd6 Rff2 36. Rd1 Rxh2+ 37. Kg1 h4 38. Rxb7 h3 39. Rxg7+
Kh6 $19) 33... Qh3 34. Qg3 Qxg3 35. Rxg3 Rf1+ 36. Rg1 Rff2 $19) 33. fxe5 Rxg1+
(33... dxe5 34. Bc5 $13) 34. Qxg1 dxe5 35. Rb6 $1 Rxb6 36. Qxb6 Qa1+ 37. Qg1
Qb2 38. Qe1 {/\ 39.Bc3} e4 $1 39. dxe4 Be5 40. Bd2 Qc2 41. Qe3 $1 g5 $1 42. Qe2
$5 {42.Qf2!} Kg6 (42... Kg7 43. Qe3) 43. Qe3 Kf7 44. Qf3+ $1 (44. Qe2 $2 g4 $1
$17) 44... Kg7 45. Qe3 Kh7 46. Qf3 Kg8 47. Qxh5 $1 Qxe4+ 48. Kg1 Bd4+ 49. Kf1
Bf6 50. Qe2 Qh1+ {Judit Polgar} 1/2-1/2

[Event "EU-ch (Women) 11th"]
[Site "Rijeka"]
[Date "2010.03.17"]
[Round "11"]
[White "Cramling, Pia"]
[Black "Cmilyte, Viktorija"]
[Result "1-0"]
[WhiteElo "2523"]
[BlackElo "2485"]
[Annotator "Cramling,P"]
[PlyCount "147"]
[EventDate "2010.03.06"]
[EventType "swiss"]
[EventRounds "11"]
[EventCountry "CRO"]
[SourceTitle "CBM 135 Extra"]
[Source "ChessBase"]
[SourceDate "2010.05.04"]
[SourceVersion "1"]
[SourceVersionDate "2010.05.04"]
[SourceQuality "1"]

{[%mdl 2]} 1. Nf3 g6 2. c4 c5 3. g3 Nc6 4. Bg2 Bg7 5. Nc3 e6 {A surprise, as I
have never seen Victorija play this line before. It is a solid opening for
Black, though White can play aggressive and try to take advantage of the
weakness on black squares in the centre (d6-e7) by playing d4. But I preferred
to play more solidly in this very important last round.} 6. a3 Nge7 7. Rb1 (7.
b4 {That was a more logical follow up after a3 and another way to give a pawn
for active piece play. But I hesitated and decided to prepare the pawn advance
more and in the end I never played it!}) 7... d5 8. O-O O-O 9. cxd5 (9. d3 {
directly was more natural, but I got worried about} dxc4 10. dxc4 Bxc3 11. bxc3
Qxd1 12. Rxd1 f6 {and was not sure if the bishop pair would compensate the
double c-pawn in the endgame.}) 9... exd5 10. d3 b6 11. Bg5 Be6 $15 {Already
Black has got a more comfortable position. It almost looks, like I am playing
Black with my pawns no further than on the 3rd rank. I still had plans to play
b4 and that explains my next move.} 12. Na4 $6 h6 13. Bd2 c4 (13... a5 $1 {
looks very natural and was a good move. Now White can not open the b-file with}
14. b4 $2 (14. Qb3 {then} Nc8) 14... axb4 15. axb4 Nxb4 16. Bxb4 cxb4 17. Rxb4
Qd6 $1 $17 {is very strong. White is too weak on the black squares without the
bishop and the knight on a4 is misplaced and in real danger. After} 18. Rxb6 $2
(18. Rb1 b5 $17) 18... Qa3 19. Rb7 Rfe8 20. Nb6 Rab8 {it is lost.} 21. Rxb8
Rxb8 22. Qa4 Qd6 23. Rb1 Nc8) 14. dxc4 dxc4 15. Bc3 $11 {I was no longer
worried about my position and thought, that the endgame would give about equal
chances.} Qxd1 16. Rfxd1 Rad8 17. Bxg7 Kxg7 18. Nc3 a6 19. h3 b5 20. Kf1 Bf5 {
Perhaps unnecessary, as the bishop was well placed on e6.} 21. Rbc1 f6 22. Ke1
Kf7 23. Nh4 Be6 24. Ne4 {Now my pieces are more active and I can start to put
pressure on the pawns on the queenside.} Bd5 (24... g5 25. Nf3 Bc8 (25... Bd5
26. Nc5 Nb8 (26... a5 27. a4 b4 28. Nb7 $16 {is good for White.} Rd7 (28... Rb8
29. e4) 29. e4) 27. e4 Ba8 28. Nd4 {and White is better.}) 26. a4 Nf5 27. axb5
axb5 28. Nc3 {and Black has problems to defend her pawns. As after for example}
Ba6 {White has} 29. Nxg5+) 25. Nc5 Bxg2 26. Nxg2 a5 $2 {Black probably should
have tried something else, as I now could have got a big advantage, if I had
played more accurately..} ({She could have played} 26... Nb8 {even though it
is passive, but it would have made it more difficult for me to attack the
pawns.}) ({or} 26... Rxd1+ 27. Rxd1 Ra8 {although after} 28. Nf4 {White again
has improved her position with her pieces more active than Black's.}) 27. Ne3 (
27. a4 $1 bxa4 28. Ne3 $16 {was thematic and strong, destroying the pawn chain
for Black, and giving me a clear edge. I saw it, but anyway decided to go
ahead with the idea I had planned some moves earlier. I thought, it would give
me a small advantage and leave Black passive}) 27... a4 $1 {My intention to
break up the pawns was clear, and Victorija played the move quickly.} 28. Nd7
Rh8 29. Rd6 Nb8 30. Rcd1 (30. Rxf6+ $2 Kg7 {would have been a mistake losing a
piece.}) 30... Nxd7 31. Rxd7 Rxd7 32. Rxd7 Ke6 $4 {Black felt the pressure of
the clock and played this move quickly. But when the b-pawn goes, there is not
much hope for Black. Only now I started to think, that I could become Champion
- it was a great feeling!} (32... Rb8 {was necessary, and this was the
position I had aimed for and thought would be more pleasant for me to play
than for my opponent. It is important to keep the knights on board, at least
for some time, so I can activate my king.} 33. Rd6 $1 {is a good move to keep
the black king away from the centre and Black remains more passive. If Black
does not do anything concrete, I will play Kd2-c3-b4. Now} (33. Nd5 Ke6 34.
Rxe7+ Kxd5 {and the rook ending is about equal.}) 33... Rc8 (33... b4 $2 34.
Nxc4 {does not work for Black.}) 34. Kd2 Rc5 ({if} 34... h5 35. Nd5 {and now
the exchange of knights is favourable for me as my king is more active and
will go for the b-pawn. But I have to control the d-file with my rook so Black
can not enter and attack my pawns from behind.}) 35. Kc3 {and I have a small
but pleasant edge with my active pieces.}) 33. Rb7 Rc8 34. Rxb5 c3 35. Rb6+ Kf7
36. bxc3 Rxc3 37. Rb7 $1 Rc5 {Black had to return and now she will lose
another pawn.} ({Both} 37... Rxa3 38. Nd5 $18) ({as well as} 37... Ke6 38.
Rxe7+ {would have lost a piece.}) 38. Ra7 g5 39. Rxa4 (39. Kd2 $1 {would have
been more exact, not to let Black attack my pawns from behind.}) 39... Rc1+ 40.
Kd2 Rh1 41. Ra7 Kf8 42. h4 (42. a4 $1 Rxh3 43. a5 Rh1 44. Nd1 {won easily as
Black can not stop my a-pawn.}) 42... gxh4 43. gxh4 Rh2 (43... Rxh4 44. Rxe7 $1
) 44. Ng4 Rxh4 45. Nxf6 Kf7 46. Nd7 (46. Ng8 $1 {to enter a rook ending would
have been easier.}) 46... Rd4+ 47. Kc3 Rd1 48. Ne5+ Ke6 49. Nd3 Nd5+ 50. Kc2
Rh1 51. Ra6+ Ke7 52. e4 Nf6 53. e5 Ng4 54. f3 Ne3+ 55. Kd2 Nd5 56. Nb4 Nf4 57.
Ke3 Ne6 58. Nd5+ Kf7 59. Ra7+ Kg6 60. Nf4+ Kf5 61. Nxe6 (61. Rf7+ Kxe5 62. Re7
{was also good} Kf5 (62... Re1+ 63. Kf2) 63. Rxe6 Re1+ (63... Rb1 64. Ra6 Rb3+
65. Nd3) 64. Kf2 Rxe6 65. Nxe6 Kxe6 66. a4 Kd5 67. f4) 61... Kxe6 62. f4 Re1+
63. Kf3 Rf1+ 64. Kg3 Rg1+ 65. Kf2 Ra1 66. Kg3 Rg1+ 67. Kh4 Rh1+ 68. Kg4 h5+ 69.
Kg5 h4 70. Ra6+ Kd5 71. Rd6+ Kc5 72. Rh6 h3 73. Kf6 h2 74. f5 1-0

[Event "ITA-chT32nd"]
[Site "Castel Lagopesole"]
[Date "2000.05.13"]
[Round "?"]
[White "Delchev, Aleksander"]
[Black "Lazarev, Vladimir"]
[Result "*"]
[WhiteElo "2560"]
[BlackElo "2490"]
[Annotator "Delchev,A"]
[PlyCount "71"]
[EventDate "2000.05.13"]
[EventType "team-tourn"]
[EventRounds "9"]
[EventCountry "ITA"]
[SourceTitle "EXT 2002"]
[Source "ChessBase"]
[SourceDate "2001.11.25"]
[SourceVersion "1"]
[SourceVersionDate "2001.11.25"]
[SourceQuality "1"]

1. c4 c5 2. g3 g6 3. Bg2 Bg7 4. Nc3 Nc6 5. a3 a5 6. Nf3 e5 7. d4 $5 cxd4 8. Nb5
d6 9. e3 Be6 (9... Nf6 10. exd4 O-O 11. O-O {1/2-1/2 Fancsy,I-Hoang Than Trang/
Budapest 1994/EXT 99 (110)}) (9... Nge7 10. exd4 O-O 11. d5 {1-0 Kosten,
A-Viatte,R/FRA-chT 1993/TD (43)}) 10. b3 $1 $146 (10. exd4 Bxc4 11. Qa4 Bxb5
12. Qxb5 Qd7 13. dxe5 dxe5 14. Be3 $13 (14. Be3 Rd8 15. O-O Nge7 16. Bb6 Qd3
17. Qa4 Rd5 18. Be3 Qb5 {1/2-1/2 Urban,K-Umanskaya,I/Koszalin 1998/CBM 65 ext 
(18)})) 10... Nf6 (10... d5 11. exd4 dxc4 12. d5 e4 13. Bg5 Nce7 (13... exf3
14. Bxd8 fxg2 15. Rg1 Rxd8 16. bxc4 Bh3 17. Ra2 $14) 14. dxe6 Bxa1 15. Qxa1
exf3 16. exf7+ Kxf7 17. Bxf3 $18) 11. exd4 e4 12. Ng5 Bg4 13. Qc2 Bf5 (13...
O-O 14. h3 $16) 14. O-O O-O 15. Nxe4 Nxe4 16. Bxe4 Nxd4 17. Nxd4 Bxd4 18. Rb1
Bxe4 19. Qxe4 Qb6 20. Bh6 Rfe8 21. Qd3 Bg7 (21... Re6 $142) 22. Be3 Qc6 23.
Rfd1 Re6 24. Qd5 h5 25. Qxc6 $1 bxc6 26. b4 axb4 27. axb4 Bf8 $2 (27... c5 28.
b5 Rb8 29. b6 Rb7 30. Rd3 $16) (27... Kf8 28. b5 cxb5 29. cxb5 Rb8 30. b6 Rb7
31. Rd3 Ke8 32. Ra3 d5 33. Ra8+ Kd7 34. Ra7 Kc8 35. Rc1+ Kb8 36. Rxb7+ Kxb7 37.
Rc7+ Kb8 38. Rxf7 Be5 39. Rd7 Rd6 40. Re7 Bf6 41. Rh7 $18) 28. b5 c5 29. Ra1
Rb8 30. Bf4 f6 31. h4 Be7 (31... Re4 32. Ra4 Rxb5 33. Ra8 Rb7 34. Bh6 Rf7 35.
Rxd6 $18) 32. Rd5 Kf7 33. f3 Rb7 34. Kf2 Bf8 35. Ra6 Rd7 36. Rc6 $18 *

[Event "Nikolaev zt"]
[Site "Nikolaev"]
[Date "1995.??.??"]
[Round "1"]
[White "Krivoshey, Sergei"]
[Black "Kuzmin, Gennadi P"]
[Result "0-1"]
[WhiteElo "2420"]
[BlackElo "2545"]
[Annotator "Dolmatov,S"]
[PlyCount "68"]
[EventDate "1995.03.??"]
[EventType "swiss"]
[EventRounds "11"]
[EventCountry "UKR"]
[SourceTitle "CBM 047"]
[Source "ChessBase"]
[SourceDate "1995.08.01"]
[SourceVersion "1"]
[SourceVersionDate "1995.08.01"]
[SourceQuality "1"]

1. Nf3 c5 2. c4 g6 3. Nc3 Bg7 4. g3 Nc6 5. Bg2 d6 6. O-O e5 7. Ne1 Nge7 8. Nc2
h5 $5 (8... O-O 9. a3 Be6 10. Ne3 a6 11. b4 cxb4 12. axb4 b5 $10 {Ftacnik,
L-Van der Sterren,P/Amsterdam/1977/}) 9. h4 g5 $6 (9... Be6 10. d3 Qd7 $10) 10.
hxg5 h4 11. e4 Nd4 12. d3 h3 (12... hxg3 13. fxg3 Bh3 14. Nxd4 exd4 15. Nd5 $16
) 13. Bf3 (13. Bh1 $2 h2+ 14. Kg2 Bh3+) 13... Nxf3+ 14. Qxf3 h2+ 15. Kh1 Bh3
16. Re1 Nc6 17. Nd5 Qd7 18. Nde3 (18. Nf6+ Bxf6 19. Qxf6 Rg8) 18... O-O-O 19.
g4 f6 20. gxf6 $2 (20. Nf5 fxg5 21. Nce3 Nd4 22. Qg3 $16) 20... Bxf6 21. Qxf6 (
21. Nf5 Rdg8 22. Nce3 Nd4 $40) 21... Rdf8 22. Qxh8 (22. Qg5 Rxf2 $17 {/\Qf7})
22... Rxh8 $17 23. f3 Qh7 24. Re2 (24. Nf5 $2 Bg2+ $19) 24... Nd4 25. Nxd4 cxd4
26. Nf5 Bf1 27. Rf2 (27. Rd2 Qh3 $19) 27... Qh3 28. Bh6 Bxd3 29. g5 Kd7 30. b3
b5 31. cxb5 d5 32. Re1 dxe4 33. fxe4 Qg4 34. Kxh2 Qxg5 0-1